<?xml version="1.0" encoding="UTF-8"?>
<collection xmlns="http://www.loc.gov/MARC21/slim">
 <record>
  <leader>08596cam a2201501 c 4500</leader>
  <controlfield tag="001">1697499910</controlfield>
  <controlfield tag="003">DE-627</controlfield>
  <controlfield tag="005">20260417193018.0</controlfield>
  <controlfield tag="007">tu</controlfield>
  <controlfield tag="008">200506s2020    gw |||||      00| ||ger c</controlfield>
  <datafield tag="015" ind1=" " ind2=" ">
   <subfield code="a">20,N19</subfield>
   <subfield code="2">dnb</subfield>
  </datafield>
  <datafield tag="016" ind1="7" ind2=" ">
   <subfield code="a">1209368099</subfield>
   <subfield code="2">DE-101</subfield>
  </datafield>
  <datafield tag="020" ind1=" " ind2=" ">
   <subfield code="a">9783837654264</subfield>
   <subfield code="q">Broschur : EUR 25.00 (DE), EUR 25.00 (AT), CHF 31.60 (freier Preis)</subfield>
   <subfield code="9">978-3-8376-5426-4</subfield>
  </datafield>
  <datafield tag="020" ind1=" " ind2=" ">
   <subfield code="a">3837654265</subfield>
   <subfield code="9">3-8376-5426-5</subfield>
  </datafield>
  <datafield tag="024" ind1="3" ind2=" ">
   <subfield code="a">9783837654264</subfield>
  </datafield>
  <datafield tag="035" ind1=" " ind2=" ">
   <subfield code="a">(DE-627)1697499910</subfield>
  </datafield>
  <datafield tag="035" ind1=" " ind2=" ">
   <subfield code="a">(DE-599)DNB1209368099</subfield>
  </datafield>
  <datafield tag="035" ind1=" " ind2=" ">
   <subfield code="a">(OCoLC)1220903049</subfield>
  </datafield>
  <datafield tag="035" ind1=" " ind2=" ">
   <subfield code="a">(OCoLC)1153560936</subfield>
  </datafield>
  <datafield tag="040" ind1=" " ind2=" ">
   <subfield code="a">DE-627</subfield>
   <subfield code="b">ger</subfield>
   <subfield code="c">DE-627</subfield>
   <subfield code="e">rda</subfield>
  </datafield>
  <datafield tag="041" ind1=" " ind2=" ">
   <subfield code="a">ger</subfield>
  </datafield>
  <datafield tag="044" ind1=" " ind2=" ">
   <subfield code="c">XA-DE-NW</subfield>
  </datafield>
  <datafield tag="072" ind1=" " ind2="7">
   <subfield code="a">BUS041000</subfield>
   <subfield code="2">bisacsh</subfield>
  </datafield>
  <datafield tag="082" ind1="0" ind2=" ">
   <subfield code="a">306.09431</subfield>
   <subfield code="q">DE-101</subfield>
  </datafield>
  <datafield tag="082" ind1="0" ind2="4">
   <subfield code="a">300</subfield>
   <subfield code="a">943</subfield>
   <subfield code="q">DE-101</subfield>
  </datafield>
  <datafield tag="084" ind1=" " ind2=" ">
   <subfield code="a">RA05.03</subfield>
   <subfield code="2">fivr</subfield>
  </datafield>
  <datafield tag="084" ind1=" " ind2=" ">
   <subfield code="a">SG08</subfield>
   <subfield code="2">fivs</subfield>
  </datafield>
  <datafield tag="084" ind1=" " ind2=" ">
   <subfield code="a">LB 36016</subfield>
   <subfield code="2">rvk</subfield>
   <subfield code="0">(DE-625)rvk/90544:779</subfield>
  </datafield>
  <datafield tag="084" ind1=" " ind2=" ">
   <subfield code="a">MG 81930</subfield>
   <subfield code="q">DE-Wis1</subfield>
   <subfield code="2">rvk</subfield>
   <subfield code="0">(DE-625)rvk/122864:12225</subfield>
  </datafield>
  <datafield tag="084" ind1=" " ind2=" ">
   <subfield code="a">NQ 7010</subfield>
   <subfield code="2">rvk</subfield>
   <subfield code="0">(DE-625)rvk/128857:</subfield>
  </datafield>
  <datafield tag="084" ind1=" " ind2=" ">
   <subfield code="a">15.43</subfield>
   <subfield code="2">bkl</subfield>
  </datafield>
  <datafield tag="084" ind1=" " ind2=" ">
   <subfield code="a">15.45</subfield>
   <subfield code="2">bkl</subfield>
  </datafield>
  <datafield tag="084" ind1=" " ind2=" ">
   <subfield code="a">15.07</subfield>
   <subfield code="2">bkl</subfield>
  </datafield>
  <datafield tag="084" ind1=" " ind2=" ">
   <subfield code="a">71.50</subfield>
   <subfield code="2">bkl</subfield>
  </datafield>
  <datafield tag="084" ind1=" " ind2=" ">
   <subfield code="a">79.62</subfield>
   <subfield code="2">bkl</subfield>
  </datafield>
  <datafield tag="084" ind1=" " ind2=" ">
   <subfield code="a">81.05</subfield>
   <subfield code="2">bkl</subfield>
  </datafield>
  <datafield tag="084" ind1=" " ind2=" ">
   <subfield code="a">71.52</subfield>
   <subfield code="2">bkl</subfield>
  </datafield>
  <datafield tag="084" ind1=" " ind2=" ">
   <subfield code="a">15.38</subfield>
   <subfield code="2">bkl</subfield>
  </datafield>
  <datafield tag="100" ind1="1" ind2=" ">
   <subfield code="a">Mandel, Birgit</subfield>
   <subfield code="d">1963-</subfield>
   <subfield code="e">VerfasserIn</subfield>
   <subfield code="0">(DE-588)114496145</subfield>
   <subfield code="0">(DE-627)505285096</subfield>
   <subfield code="0">(DE-576)173592341</subfield>
   <subfield code="4">aut</subfield>
  </datafield>
  <datafield tag="245" ind1="1" ind2="0">
   <subfield code="a">Staatsauftrag: &quot;Kultur für alle&quot;</subfield>
   <subfield code="b">Ziele, Programme und Wirkungen kultureller Teilhabe und Kulturvermittlung in der DDR</subfield>
   <subfield code="c">Birgit Mandel, Birgit Wolf</subfield>
  </datafield>
  <datafield tag="264" ind1=" " ind2="1">
   <subfield code="a">Bielefeld</subfield>
   <subfield code="b">transcript</subfield>
   <subfield code="c">2020</subfield>
  </datafield>
  <datafield tag="300" ind1=" " ind2=" ">
   <subfield code="a">306 Seiten</subfield>
  </datafield>
  <datafield tag="336" ind1=" " ind2=" ">
   <subfield code="a">Text</subfield>
   <subfield code="b">txt</subfield>
   <subfield code="2">rdacontent</subfield>
  </datafield>
  <datafield tag="337" ind1=" " ind2=" ">
   <subfield code="a">ohne Hilfsmittel zu benutzen</subfield>
   <subfield code="b">n</subfield>
   <subfield code="2">rdamedia</subfield>
  </datafield>
  <datafield tag="338" ind1=" " ind2=" ">
   <subfield code="a">Band</subfield>
   <subfield code="b">nc</subfield>
   <subfield code="2">rdacarrier</subfield>
  </datafield>
  <datafield tag="490" ind1="0" ind2=" ">
   <subfield code="a">Schriften zum Kultur- und Museumsmanagement</subfield>
  </datafield>
  <datafield tag="500" ind1=" " ind2=" ">
   <subfield code="a">Literatur- und Quellenverzeichnis: Seite 293-306</subfield>
  </datafield>
  <datafield tag="546" ind1=" " ind2=" ">
   <subfield code="a">Deutsch</subfield>
  </datafield>
  <datafield tag="648" ind1=" " ind2="7">
   <subfield code="a">Geschichte 1952-1990</subfield>
   <subfield code="2">gnd</subfield>
  </datafield>
  <datafield tag="653" ind1=" " ind2="0">
   <subfield code="a">DDR-Geschichte</subfield>
  </datafield>
  <datafield tag="653" ind1=" " ind2="0">
   <subfield code="a">Kultur</subfield>
  </datafield>
  <datafield tag="653" ind1=" " ind2="0">
   <subfield code="a">Soziologie</subfield>
  </datafield>
  <datafield tag="689" ind1="0" ind2="0">
   <subfield code="d">g</subfield>
   <subfield code="0">(DE-588)4011890-3</subfield>
   <subfield code="0">(DE-627)104732415</subfield>
   <subfield code="0">(DE-576)20889621X</subfield>
   <subfield code="a">Deutschland</subfield>
   <subfield code="g">DDR</subfield>
   <subfield code="2">gnd</subfield>
  </datafield>
  <datafield tag="689" ind1="0" ind2="1">
   <subfield code="d">s</subfield>
   <subfield code="0">(DE-588)4033581-1</subfield>
   <subfield code="0">(DE-627)106256629</subfield>
   <subfield code="0">(DE-576)209002697</subfield>
   <subfield code="a">Kulturpolitik</subfield>
   <subfield code="2">gnd</subfield>
  </datafield>
  <datafield tag="689" ind1="0" ind2="2">
   <subfield code="d">s</subfield>
   <subfield code="0">(DE-588)4073868-1</subfield>
   <subfield code="0">(DE-627)106091352</subfield>
   <subfield code="0">(DE-576)209191724</subfield>
   <subfield code="a">Kulturarbeit</subfield>
   <subfield code="2">gnd</subfield>
  </datafield>
  <datafield tag="689" ind1="0" ind2="3">
   <subfield code="d">s</subfield>
   <subfield code="0">(DE-588)4134681-6</subfield>
   <subfield code="0">(DE-627)105670723</subfield>
   <subfield code="0">(DE-576)20965435X</subfield>
   <subfield code="a">Teilhabe</subfield>
   <subfield code="2">gnd</subfield>
  </datafield>
  <datafield tag="689" ind1="0" ind2="4">
   <subfield code="a">z</subfield>
   <subfield code="2">gnd</subfield>
   <subfield code="a">Geschichte</subfield>
  </datafield>
  <datafield tag="689" ind1="0" ind2=" ">
   <subfield code="5">DE-101</subfield>
  </datafield>
  <datafield tag="689" ind1="1" ind2="0">
   <subfield code="d">s</subfield>
   <subfield code="0">(DE-588)4165992-2</subfield>
   <subfield code="0">(DE-627)105436089</subfield>
   <subfield code="0">(DE-576)209899212</subfield>
   <subfield code="a">Kulturvermittlung</subfield>
   <subfield code="2">gnd</subfield>
  </datafield>
  <datafield tag="689" ind1="1" ind2="1">
   <subfield code="d">s</subfield>
   <subfield code="0">(DE-588)4165984-3</subfield>
   <subfield code="0">(DE-627)105436135</subfield>
   <subfield code="0">(DE-576)209899131</subfield>
   <subfield code="a">Kulturpädagogik</subfield>
   <subfield code="2">gnd</subfield>
  </datafield>
  <datafield tag="689" ind1="1" ind2="2">
   <subfield code="d">s</subfield>
   <subfield code="0">(DE-588)4033581-1</subfield>
   <subfield code="0">(DE-627)106256629</subfield>
   <subfield code="0">(DE-576)209002697</subfield>
   <subfield code="a">Kulturpolitik</subfield>
   <subfield code="2">gnd</subfield>
  </datafield>
  <datafield tag="689" ind1="1" ind2="3">
   <subfield code="d">s</subfield>
   <subfield code="0">(DE-588)4125698-0</subfield>
   <subfield code="0">(DE-627)104470348</subfield>
   <subfield code="0">(DE-576)209578750</subfield>
   <subfield code="a">Kultur</subfield>
   <subfield code="2">gnd</subfield>
  </datafield>
  <datafield tag="689" ind1="1" ind2="4">
   <subfield code="d">s</subfield>
   <subfield code="0">(DE-588)4006650-2</subfield>
   <subfield code="0">(DE-627)106376810</subfield>
   <subfield code="0">(DE-576)208866450</subfield>
   <subfield code="a">Bildung</subfield>
   <subfield code="2">gnd</subfield>
  </datafield>
  <datafield tag="689" ind1="1" ind2="5">
   <subfield code="d">g</subfield>
   <subfield code="0">(DE-588)4011890-3</subfield>
   <subfield code="0">(DE-627)104732415</subfield>
   <subfield code="0">(DE-576)20889621X</subfield>
   <subfield code="a">Deutschland</subfield>
   <subfield code="g">DDR</subfield>
   <subfield code="2">gnd</subfield>
  </datafield>
  <datafield tag="689" ind1="1" ind2=" ">
   <subfield code="5">(DE-627)</subfield>
  </datafield>
  <datafield tag="700" ind1="1" ind2=" ">
   <subfield code="a">Wolf, Birgit</subfield>
   <subfield code="d">1965-</subfield>
   <subfield code="e">VerfasserIn</subfield>
   <subfield code="0">(DE-588)1060060469</subfield>
   <subfield code="0">(DE-627)799198749</subfield>
   <subfield code="0">(DE-576)416155685</subfield>
   <subfield code="4">aut</subfield>
  </datafield>
  <datafield tag="710" ind1="2" ind2=" ">
   <subfield code="a">Transcript GbR</subfield>
   <subfield code="e">Verlag</subfield>
   <subfield code="0">(DE-588)1058035266</subfield>
   <subfield code="0">(DE-627)796326045</subfield>
   <subfield code="0">(DE-576)414016815</subfield>
   <subfield code="4">pbl</subfield>
  </datafield>
  <datafield tag="776" ind1="1" ind2=" ">
   <subfield code="o">10.14361/9783839454268</subfield>
  </datafield>
  <datafield tag="776" ind1="1" ind2=" ">
   <subfield code="z">9783839454268</subfield>
   <subfield code="c">(PDF)</subfield>
  </datafield>
  <datafield tag="776" ind1="0" ind2="8">
   <subfield code="i">Erscheint auch als</subfield>
   <subfield code="n">Online-Ausgabe</subfield>
   <subfield code="a">Mandel, Birgit, 1963 - </subfield>
   <subfield code="t">Staatsauftrag: »Kultur für alle«</subfield>
   <subfield code="d">Bielefeld : transcript, 2020</subfield>
   <subfield code="h">1 Online-Ressource (306 Seiten)</subfield>
   <subfield code="w">(DE-627)1738065537</subfield>
   <subfield code="z">9783839454268</subfield>
  </datafield>
  <datafield tag="787" ind1="0" ind2="8">
   <subfield code="i">Rezensiert in</subfield>
   <subfield code="a">Ozdoba, Marie-Madeleine</subfield>
   <subfield code="t">[Rezension von: Birgit Mandel, Birgit Wolf, Staatsauftrag &quot;Kultur für alle&quot;. Ziele, Programme und Wirkungen kultureller Teilhabe und Kulturvermittlung in der DDR]</subfield>
   <subfield code="d">2022</subfield>
   <subfield code="w">(DE-627)1878454080</subfield>
  </datafield>
  <datafield tag="787" ind1="0" ind2="8">
   <subfield code="i">Rezensiert in</subfield>
   <subfield code="a">Schütz, Johannes, 1984 - </subfield>
   <subfield code="t">[Rezension von: Mandel, Birgit, 1963-, Staatsauftrag: &quot;Kultur für alle&quot;]</subfield>
   <subfield code="d">2023</subfield>
   <subfield code="w">(DE-627)1919105255</subfield>
  </datafield>
  <datafield tag="787" ind1="0" ind2="8">
   <subfield code="i">Rezensiert in</subfield>
   <subfield code="a">Schütz, Johannes, 1984 - </subfield>
   <subfield code="t">[Rezension von: Mandel, Birgit, 1963-, Staatsauftrag: &quot;Kultur für alle&quot;]</subfield>
   <subfield code="d">2023</subfield>
   <subfield code="w">(DE-627)191916281X</subfield>
  </datafield>
  <datafield tag="856" ind1="4" ind2="2">
   <subfield code="u">https://d-nb.info/1209368099/04</subfield>
   <subfield code="m">DE-101</subfield>
   <subfield code="q">application/pdf</subfield>
   <subfield code="v">2020-11-17</subfield>
   <subfield code="3">Inhaltsverzeichnis</subfield>
   <subfield code="7">1</subfield>
  </datafield>
  <datafield tag="856" ind1="4" ind2="2">
   <subfield code="u">https://portal.dnb.de/opac/mvb/cover?isbn=978-3-8376-5426-4</subfield>
   <subfield code="q">image</subfield>
   <subfield code="v">2020-11-17</subfield>
   <subfield code="3">Cover</subfield>
   <subfield code="7">1</subfield>
  </datafield>
  <datafield tag="856" ind1="4" ind2="2">
   <subfield code="u">http://www.transcript-verlag.de/978-3-8376-5426-4</subfield>
   <subfield code="m">X:MVB</subfield>
   <subfield code="v">2020-05-06</subfield>
   <subfield code="x">Verlag</subfield>
   <subfield code="z">Verlag</subfield>
   <subfield code="3">Ausführliche Beschreibung</subfield>
   <subfield code="7">1</subfield>
  </datafield>
  <datafield tag="856" ind1="4" ind2="2">
   <subfield code="u">http://www.transcript-verlag.de/978-3-8376-5426-4</subfield>
   <subfield code="m">X:MVB</subfield>
   <subfield code="v">2020-12-16</subfield>
   <subfield code="x">Verlag</subfield>
   <subfield code="3">Unbekannt</subfield>
   <subfield code="7">1</subfield>
  </datafield>
  <datafield tag="935" ind1=" " ind2=" ">
   <subfield code="a">SAXB</subfield>
  </datafield>
  <datafield tag="936" ind1="r" ind2="v">
   <subfield code="a">LB 36016</subfield>
   <subfield code="b">Östliche Bundesländer (hier auch: DDR)</subfield>
   <subfield code="k">Sozial- und Kulturanthropologie. Empirische Kulturwissenschaft</subfield>
   <subfield code="k">Ethnologie in der Praxis</subfield>
   <subfield code="k">Angewandte Ethnologie</subfield>
   <subfield code="k">Europa</subfield>
   <subfield code="k">Mitteleuropa</subfield>
   <subfield code="k">Deutschland</subfield>
   <subfield code="k">Östliche Bundesländer (hier auch: DDR)</subfield>
   <subfield code="0">(DE-627)1398829587</subfield>
   <subfield code="0">(DE-625)rvk/90544:779</subfield>
   <subfield code="0">(DE-576)328829587</subfield>
  </datafield>
  <datafield tag="936" ind1="r" ind2="v">
   <subfield code="a">MG 81930</subfield>
   <subfield code="b">Kulturpolitik, Wissenschaftspolitik, Bildungspolitik</subfield>
   <subfield code="k">Politologie</subfield>
   <subfield code="k">Politische Systeme einzelner Länder</subfield>
   <subfield code="k">Europa, Nordamerika</subfield>
   <subfield code="k">Osteuropa (ehem. Ostblock)</subfield>
   <subfield code="k">DDR (bis 1990)</subfield>
   <subfield code="k">Einzelne politische Sachgebiete</subfield>
   <subfield code="k">Kulturpolitik, Wissenschaftspolitik, Bildungspolitik</subfield>
   <subfield code="0">(DE-627)1271480999</subfield>
   <subfield code="0">(DE-625)rvk/122864:12225</subfield>
   <subfield code="0">(DE-576)201480999</subfield>
  </datafield>
  <datafield tag="936" ind1="r" ind2="v">
   <subfield code="a">NQ 7010</subfield>
   <subfield code="b">Innere Geschichte</subfield>
   <subfield code="k">Geschichte</subfield>
   <subfield code="k">Geschichte seit 1918</subfield>
   <subfield code="k">Deutsche Geschichte seit 1945</subfield>
   <subfield code="k">Deutsche Demokratische Republik (DDR) (1949 - 1990)</subfield>
   <subfield code="k">Innere Geschichte</subfield>
   <subfield code="0">(DE-627)1270811088</subfield>
   <subfield code="0">(DE-625)rvk/128857:</subfield>
   <subfield code="0">(DE-576)200811088</subfield>
  </datafield>
  <datafield tag="936" ind1="b" ind2="k">
   <subfield code="a">15.43</subfield>
   <subfield code="j">Deutsche Geschichte des 19. Jahrhunderts bis zur Gegenwart</subfield>
   <subfield code="0">(DE-627)181569701</subfield>
  </datafield>
  <datafield tag="936" ind1="b" ind2="k">
   <subfield code="a">15.45</subfield>
   <subfield code="j">Geschichte der deutschen Länder und Städte: Allgemeines</subfield>
   <subfield code="0">(DE-627)181571501</subfield>
  </datafield>
  <datafield tag="936" ind1="b" ind2="k">
   <subfield code="a">15.07</subfield>
   <subfield code="j">Kulturgeschichte</subfield>
   <subfield code="0">(DE-627)181569620</subfield>
  </datafield>
  <datafield tag="936" ind1="b" ind2="k">
   <subfield code="a">71.50</subfield>
   <subfield code="j">Kultursoziologie: Allgemeines</subfield>
   <subfield code="0">(DE-627)106412612</subfield>
  </datafield>
  <datafield tag="936" ind1="b" ind2="k">
   <subfield code="a">79.62</subfield>
   <subfield code="j">Kulturarbeit</subfield>
   <subfield code="0">(DE-627)106411446</subfield>
  </datafield>
  <datafield tag="936" ind1="b" ind2="k">
   <subfield code="a">81.05</subfield>
   <subfield code="j">Bildungsforschung</subfield>
   <subfield code="0">(DE-627)106422693</subfield>
  </datafield>
  <datafield tag="936" ind1="b" ind2="k">
   <subfield code="a">71.52</subfield>
   <subfield code="j">Kulturelle Prozesse</subfield>
   <subfield code="x">Soziologie</subfield>
   <subfield code="0">(DE-627)106413678</subfield>
  </datafield>
  <datafield tag="936" ind1="b" ind2="k">
   <subfield code="a">15.38</subfield>
   <subfield code="j">Europäische Geschichte nach 1945</subfield>
   <subfield code="q">coli-conc RVK-&gt;BK</subfield>
   <subfield code="q">https://coli-conc.gbv.de/api/mappings/ca5e71c2-ea45-4983-9498-0aae53095f57</subfield>
   <subfield code="0">(DE-627)181569671</subfield>
  </datafield>
  <datafield tag="936" ind1="f" ind2="i">
   <subfield code="0">(DE-627)1756131694</subfield>
   <subfield code="a">RA05.03</subfield>
   <subfield code="b">Deutsche Demokratische Republik</subfield>
   <subfield code="k">Europa</subfield>
   <subfield code="k">Mitteleuropa</subfield>
   <subfield code="k">Deutsche Demokratische Republik</subfield>
   <subfield code="2">fivr</subfield>
  </datafield>
  <datafield tag="936" ind1="f" ind2="i">
   <subfield code="0">(DE-627)1756136084</subfield>
   <subfield code="a">SG08</subfield>
   <subfield code="b">Kultur/Sprache/Kunst</subfield>
   <subfield code="k">Gesellschaft</subfield>
   <subfield code="k">Kultur/Sprache/Kunst</subfield>
   <subfield code="2">fivs</subfield>
  </datafield>
  <datafield tag="938" ind1="1" ind2="0">
   <subfield code="0">(DE-627)1756148260</subfield>
   <subfield code="0">(DE-615)6603012</subfield>
   <subfield code="a">Deutsche Demokratische Republik</subfield>
   <subfield code="2">fivt</subfield>
  </datafield>
  <datafield tag="938" ind1="1" ind2="0">
   <subfield code="0">(DE-627)1756212066</subfield>
   <subfield code="0">(DE-615)6600222</subfield>
   <subfield code="a">Kultur</subfield>
   <subfield code="2">fivt</subfield>
  </datafield>
  <datafield tag="938" ind1="1" ind2="0">
   <subfield code="0">(DE-627)1756176590</subfield>
   <subfield code="0">(DE-615)6603664</subfield>
   <subfield code="a">Geschichte</subfield>
   <subfield code="2">fivt</subfield>
  </datafield>
  <datafield tag="938" ind1="1" ind2="0">
   <subfield code="0">(DE-627)1756243239</subfield>
   <subfield code="0">(DE-615)6606703</subfield>
   <subfield code="a">Kulturpolitik</subfield>
   <subfield code="2">fivt</subfield>
  </datafield>
  <datafield tag="938" ind1="1" ind2="0">
   <subfield code="0">(DE-627)175616066X</subfield>
   <subfield code="0">(DE-615)6602469</subfield>
   <subfield code="a">Kulturvermittlung</subfield>
   <subfield code="2">fivt</subfield>
  </datafield>
  <datafield tag="938" ind1="1" ind2="0">
   <subfield code="0">(DE-627)1756220611</subfield>
   <subfield code="0">(DE-615)6601530</subfield>
   <subfield code="a">Öffentliche Kulturförderung</subfield>
   <subfield code="2">fivt</subfield>
  </datafield>
  <datafield tag="938" ind1="1" ind2="0">
   <subfield code="0">(DE-627)1756161054</subfield>
   <subfield code="0">(DE-615)6602373</subfield>
   <subfield code="a">Verhältnis Kunst/Kultur - Politik/Gesellschaft</subfield>
   <subfield code="2">fivt</subfield>
  </datafield>
  <datafield tag="938" ind1="1" ind2="0">
   <subfield code="0">(DE-627)175618271X</subfield>
   <subfield code="0">(DE-615)6605158</subfield>
   <subfield code="a">Ideologie</subfield>
   <subfield code="2">fivt</subfield>
  </datafield>
  <datafield tag="938" ind1="1" ind2="0">
   <subfield code="0">(DE-627)1756187916</subfield>
   <subfield code="0">(DE-615)6605562</subfield>
   <subfield code="a">Kulturarbeit</subfield>
   <subfield code="2">fivt</subfield>
  </datafield>
  <datafield tag="938" ind1="1" ind2="0">
   <subfield code="0">(DE-627)1756210861</subfield>
   <subfield code="0">(DE-615)6605413</subfield>
   <subfield code="a">Kunst</subfield>
   <subfield code="2">fivt</subfield>
  </datafield>
  <datafield tag="938" ind1="1" ind2="0">
   <subfield code="0">(DE-627)1756197539</subfield>
   <subfield code="0">(DE-615)6601264</subfield>
   <subfield code="a">Beispielhafte Fälle</subfield>
   <subfield code="2">fivt</subfield>
  </datafield>
  <datafield tag="938" ind1="1" ind2="0">
   <subfield code="0">(DE-627)1756174679</subfield>
   <subfield code="0">(DE-615)6608280</subfield>
   <subfield code="a">Interview</subfield>
   <subfield code="2">fivt</subfield>
  </datafield>
  <datafield tag="938" ind1="1" ind2="1">
   <subfield code="0">(DE-627)1756155305</subfield>
   <subfield code="0">(DE-615)6605392</subfield>
   <subfield code="a">Erfahrungsbericht</subfield>
   <subfield code="2">fiva</subfield>
  </datafield>
  <datafield tag="938" ind1="1" ind2="1">
   <subfield code="0">(DE-627)1756238618</subfield>
   <subfield code="0">(DE-615)6608784</subfield>
   <subfield code="a">Soziale Partizipation</subfield>
   <subfield code="2">fiva</subfield>
  </datafield>
  <datafield tag="938" ind1="1" ind2="1">
   <subfield code="0">(DE-627)1756241791</subfield>
   <subfield code="0">(DE-615)6607914</subfield>
   <subfield code="a">Wirkung/Auswirkung</subfield>
   <subfield code="2">fiva</subfield>
  </datafield>
  <datafield tag="938" ind1="1" ind2="1">
   <subfield code="0">(DE-627)1756175721</subfield>
   <subfield code="0">(DE-615)6605032</subfield>
   <subfield code="a">Kulturgeschichte</subfield>
   <subfield code="2">fiva</subfield>
  </datafield>
  <datafield tag="938" ind1="1" ind2="1">
   <subfield code="0">(DE-627)1756178267</subfield>
   <subfield code="0">(DE-615)6609196</subfield>
   <subfield code="a">Zensur</subfield>
   <subfield code="2">fiva</subfield>
  </datafield>
  <datafield tag="938" ind1="1" ind2="1">
   <subfield code="0">(DE-627)1756221081</subfield>
   <subfield code="0">(DE-615)6601597</subfield>
   <subfield code="a">Künstler</subfield>
   <subfield code="2">fiva</subfield>
  </datafield>
  <datafield tag="938" ind1="1" ind2="1">
   <subfield code="0">(DE-627)1756215553</subfield>
   <subfield code="0">(DE-615)6609216</subfield>
   <subfield code="a">Wichtige Persönlichkeit des kulturellen Lebens</subfield>
   <subfield code="2">fiva</subfield>
  </datafield>
  <datafield tag="938" ind1="1" ind2="1">
   <subfield code="0">(DE-627)1756227330</subfield>
   <subfield code="0">(DE-615)6606215</subfield>
   <subfield code="a">Propaganda</subfield>
   <subfield code="2">fiva</subfield>
  </datafield>
  <datafield tag="938" ind1="1" ind2="1">
   <subfield code="0">(DE-627)1756188106</subfield>
   <subfield code="0">(DE-615)6605178</subfield>
   <subfield code="a">Politischer Diskurs</subfield>
   <subfield code="2">fiva</subfield>
  </datafield>
  <datafield tag="938" ind1="1" ind2="1">
   <subfield code="0">(DE-627)1756144052</subfield>
   <subfield code="0">(DE-615)6603282</subfield>
   <subfield code="a">Wissenschaftliche Methoden</subfield>
   <subfield code="2">fiva</subfield>
  </datafield>
  <datafield tag="938" ind1="1" ind2="1">
   <subfield code="0">(DE-627)1756200521</subfield>
   <subfield code="0">(DE-615)6600623</subfield>
   <subfield code="a">Bewertung kulturpolitischer Maßnahmen</subfield>
   <subfield code="2">fiva</subfield>
  </datafield>
  <datafield tag="951" ind1=" " ind2=" ">
   <subfield code="a">BO</subfield>
  </datafield>
  <datafield tag="990" ind1=" " ind2=" ">
   <subfield code="a">Deutschland</subfield>
  </datafield>
  <datafield tag="990" ind1=" " ind2=" ">
   <subfield code="a">Kulturpolitik</subfield>
  </datafield>
  <datafield tag="990" ind1=" " ind2=" ">
   <subfield code="a">Kulturarbeit</subfield>
  </datafield>
  <datafield tag="990" ind1=" " ind2=" ">
   <subfield code="a">Teilhabe</subfield>
  </datafield>
  <datafield tag="990" ind1=" " ind2=" ">
   <subfield code="a">Geschichte</subfield>
  </datafield>
  <datafield tag="990" ind1=" " ind2=" ">
   <subfield code="a">Kulturvermittlung</subfield>
  </datafield>
  <datafield tag="990" ind1=" " ind2=" ">
   <subfield code="a">Kulturpädagogik</subfield>
  </datafield>
  <datafield tag="990" ind1=" " ind2=" ">
   <subfield code="a">Kulturpolitik</subfield>
  </datafield>
  <datafield tag="990" ind1=" " ind2=" ">
   <subfield code="a">Kultur</subfield>
  </datafield>
  <datafield tag="990" ind1=" " ind2=" ">
   <subfield code="a">Bildung</subfield>
  </datafield>
  <datafield tag="990" ind1=" " ind2=" ">
   <subfield code="a">Deutschland</subfield>
  </datafield>
  <datafield tag="991" ind1=" " ind2=" ">
   <subfield code="a">Rezensiertes Werk</subfield>
  </datafield>
  <datafield tag="999" ind1=" " ind2=" ">
   <subfield code="a">KXP-PPN1697499910</subfield>
   <subfield code="e">496742502X</subfield>
  </datafield>
 </record>
</collection>
